LEADER 01025nam a2200253 i 4500 001 000000041395 003 CaOOAMICUS 005 20120402000000.0 008 120402s1967 it u000 u ita u 013 $a12565 040 $aSeMil$bita 100 1 $aRahner, Karl,$c.$0(OLS)http://semarc/name/61 240 10$aEwiges ja.$0(OLS)http://semarc/title/59935 245 10$aSulla professione religiosa /$cKarl Rahner. 260 $aBrescia :$bQueriniana,$ccopyr. 1967. 300 $a33 p. ;$c21 cm. 490 0 $aMeditazioni teologiche ;$v10 650 4$aProfessione religiosa.$0(OLS)http://semarc/subject/4816 830 0$aMeditazioni teologiche ;$v10.$0(OLS)http://semarc/title/202 850 $aSeMil 852 $aSeMil$W1$xVenegono$y1$m2C VII 240$j7550$B7550$CSeMilBibl$Z2$F7550 $81 961 $aOmaggio: Biblioteca Seminario Corso Venezia 996 $6245$aSulla professione religiosa$9(OLS)http://semarc/title/59934 996 $6260$aBrescia :$bQueriniana$9(OLS)http://semarc/publisher/29615 LEADER 01051nam a2200241 i 4500 001 000000124458 003 CaOOAMICUS 005 20251218120943.0 008 040324s1998 fr u000 u fre u 020 $a2-88011-125-0 040 $aSeMil$bita 100 1 $aJournet, Charles,$c.$0(OLS)http://semarc/name/2073 245 10$a1: La hiérarchie apostolique /$cCharles Journet. 264 1$aSaint-Maurice :$bSaint-Augustin,$c1998. 300 $axxi, 1289 p. ;$c25 cm 773 0 $aJournet, Charles $tÉglise du verbe incarné.$dSaint-Maurice : Saint-Augustin, 1998-2005.$g1$w()11250 850 $aSeMil 852 $aSeMil$W1$xVenegono$y1$m2B V 451$j265555$B256639$CSeMilBibl$Z2$F256639 $81 961 $aBuzzi mons. Franco - Omaggio 996 $6020$a2-88011-125-0$9(OLS)http://semarc/number/304988 996 $6245$a1: La hiérarchie apostolique$9(OLS)http://semarc/title/183173 996 $6264$aSaint-Maurice :$bSaint-Augustin$9(OLS)http://semarc/publisher/55708